00311nam a22000977a 4500082001600000100001800016245011800034260003800152300001600190563000700206 a909.82bKEN aKennedy, Paul aThe Rise and Fall of The Great Powers :bEconomic change and Military Conflict from 1500 to 2000/cPaul Kennedy, aUSA :bServices book club,c1996. axii, 893 p. aHB